Historia de la lingüística

Saved in:
Bibliografiske detaljer
Hovedforfatter: Cerny, Jiri (Author)
Format: Bog
Sprog:spansk
Udgivet: Badajoz Universidad de Extremadura 1998
Udgivelse:1a. ed
Fag:
Tags: Tilføj Tag
Ingen Tags, Vær først til at tagge denne postø!

MARC

LEADER 00000nam a2200000 a 4500
001 UCJ0534
003 CL-VaPUC
008 060811e19980000sp |||||||||||||||||spa|d
020 |a 8477233365 
082 0 4 |a 410.9  |b CER  |2 21 
100 0 |a Cerny, Jiri  |e author  |9 500781 
245 1 0 |a Historia de la lingüística 
250 |a 1a. ed 
300 |a 532 p 
942 |c BK 
945 |d 20060811 00:00:00  |a cmena 
260 |a Badajoz  |b Universidad de Extremadura  |c 1998 
650 7 |a HISTORIA DE LA LINGUISTICA  |2 CL-VaPUC  |9 471738 
650 0 |a Lingüística  |9 265068 
650 0 |a Historiografía   |9 257871 
650 0 |a Escritura  |9 264941 
650 0 |a Sociolingüística  |9 263716 
583 |a last modification  |c 20171221 04:45:42  |k Rodrigo Vera 
999 |c 317365  |d 317363